书目信息 |
| 题名: |
流行病学
|
|
| 作者: | 耿贯一 主编 | |
| 分册: | 下册 | |
| 出版信息: | 北京 人民卫生出版社 1980.2 |
|
| 页数: | 697页 | |
| 开本: | 26cm | |
| 丛书名: | ||
| 单 册: | ||
| 中图分类: | R18 | |
| 科图分类: | ||
| 主题词: | 流行病学 , 防疫 | |
| 电子资源: | ||
| ISBN: | ||
| 000 | 00548nam0 2200205 45 | |
| 001 | 0181013035 | |
| 005 | 20060420095819.23 | |
| 010 | @dCNY3.90 | |
| 091 | @a14048.3727 | |
| 100 | @a20810111d km y0chiy0120 ea | |
| 101 | 0 | @achi |
| 200 | 1 | @a流行病学@ALiu Xing Bing Xue@h下册@f耿贯一主编@Fgeng guan yi zhu bian |
| 210 | @a北京@c人民卫生出版社@d1980.2 | |
| 215 | @a697页@c图表@d26cm | |
| 606 | 0 | @a流行病学 |
| 606 | 0 | @a防疫 |
| 690 | @aR18 | |
| 701 | 0 | @a耿贯一@Ageng guan yi@4主编 |
| 801 | @aCN@bTSTC@c20060420 | |
| 905 | @dR18@f1@b173441@e34:3 | |
| 流行病学.下册/耿贯一主编.-北京:人民卫生出版社,1980.2 |
| 697页:图表;26cm |
| ISBN :CNY3.90 |
| ● |
| 相关链接 |
|
|
|
|
正题名:流行病学
索取号:R18/34:3
 
预约/预借
| 序号 | 登录号 | 条形码 | 馆藏地/架位号 | 状态 | 备注 |
| 1 | 0173441 | 000709987 | 第二样本阅览室/ [索取号:R18/34:3] | 在馆 | |
| 2 | 0173442 | 202269366 | 密集书库/ [索取号:R18/34:3] | 在馆 | |
| 3 | 0173443 | 000709987 | 第三借阅区/ [索取号:R18/34:3] | 在馆 | |
| 4 | 0173447 | 000710056 | 第三借阅区/ [索取号:R18/34:3] | 在馆 |